000 00657nam a22002177a 4500
005 20160928170922.0
010 _aENG-116136
020 _a9789383420759
_c400.00
035 _aEN-99668
037 _bDBAD/PUB
082 _a516
100 _aChatterjee,Utpal
245 _aAdvanced analytical geometry :
_cby Utpal Chatterjee [and] Nandini Chatterjee
_btheory and Problems /
250 _a2nd ed.
260 _aKolkata
_bAcademic Publishers
_c2016
270 _a5A Bhawani Dutta Lane,
_bKolkata
_e700073
300 _a612p.
_c24cm(pbk)
500 _aIncludes index
700 _aChatterjee,Nandini
942 _2ddc
_cEN
_h516
_mUTP
999 _c103733
_d103733